[Event "East Detroit (MEX/4)"]
[Site "?"]
[Date "1987.??.??"]
[Round "?"]
[White "Baudry, Pascal"]
[Black "Finegold, Ben"]
[Result "0-1"]
[WhiteElo "2180"]
[BlackElo "2465"]
[PlyCount "80"]
[EventDate "1987.??.??"]

1. e3 d6 2. e4 Nf6 3. Nc3 g6 4. Nge2 Bg7 5. g3 O-O 6. Bg2 c5 7. O-O Nc6 8. d3
Rb8 9. a4 a6 10. Bd2 b5 11. axb5 axb5 12. Qc1 b4 13. Nd1 Qc7 14. Bh6 Nd4 15.
Nxd4 cxd4 16. Bxg7 Kxg7 17. c4 b3 18. h3 Nd7 19. f4 Nc5 20. Qd2 f5 21. Nf2 e5
22. exf5 gxf5 23. fxe5 dxe5 24. Ne4 Nxe4 25. Bxe4 Qe7 26. Bd5 Rb6 27. Kh2 Rg6
28. Rae1 f4 29. Rxf4 Qg5 30. Rf7+ Rxf7 31. Qxg5 Rxg5 32. Bxf7 Kxf7 33. Ra1 Bf5
34. Ra7+ Ke8 35. Rb7 Bxd3 36. Rxb3 Bxc4 37. Rb8+ Kd7 38. Rb7+ Kc6 39. Rxh7 d3
40. Ra7 d2 0-1

[Event "Lansing (MI Op/4/12)"]
[Site "?"]
[Date "1987.??.??"]
[Round "?"]
[White "Baudry, Pascal"]
[Black "Conley, Steve"]
[Result "1-0"]
[WhiteElo "2160"]
[BlackElo "1905"]
[PlyCount "101"]
[EventDate "1987.??.??"]

{4/(12)} 1. e3 e6 2. b3 d5 3. Bb2 Nf6 4. f4 Be7 5. Nf3 c5 6. Bb5+ Bd7 7. a4 a6
8. Bxd7+ Nbxd7 9. a5 b6 10. axb6 Qxb6 11. Nc3 Qb7 12. Na4 Nb6 13. Bc3 Nxa4 14.
Rxa4 Ne4 15. Ba5 O-O 16. d3 Nd6 17. O-O Bf6 18. Ne5 Nf5 19. Rf3 d4 20. Bd2 Bxe5
21. fxe5 Qc7 22. e4 Ne3 23. Qc1 Qxe5 24. Bxe3 dxe3 25. Qxe3 f5 26. exf5 Qxe3+
27. Rxe3 exf5 28. Re5 f4 29. Kf2 Rf6 30. Kf3 Rc8 31. Rxf4 Rb6 32. h4 h6 33. g4
Rb5 34. Re6 a5 35. Re7 Rf8 36. Rxf8+ Kxf8 37. Ra7 g5 38. h5 Kg8 39. Ke4 Kh8 40.
c4 Rxb3 41. Rxa5 Kg7 42. Rxc5 Rb6 43. d4 Kf6 44. d5 Ke7 45. Rc6 Rb1 46. Kf5
Rf1+ 47. Kg6 Rf4 48. Kxh6 Rxg4 49. Kg7 Rf4 50. Re6+ Kd7 51. h6 1-0

[Event "Hazel Park (MCO/3/36)"]
[Site "?"]
[Date "1987.??.??"]
[Round "?"]
[White "Barnette, Glenn"]
[Black "Maloy, Mickey"]
[Result "1-0"]
[WhiteElo "1605"]
[BlackElo "1720"]
[PlyCount "125"]
[EventDate "1987.??.??"]

{3/(36)} 1. e4 d6 2. f4 e5 3. d3 Nf6 4. Nc3 Nc6 5. fxe5 dxe5 6. Bg5 Be7 7. Bxf6
Bxf6 8. Nd5 Be6 9. Nxf6+ Qxf6 10. Qf3 Qg6 11. a3 Nd4 12. Qf2 O-O 13. Nf3 Nxf3+
14. gxf3 f5 15. Rg1 Qh6 16. Qd2 Qh4+ 17. Qf2 Qh6 18. Qg3 fxe4 19. fxe4 Rf6 20.
Qg5 Raf8 21. h4 Rg6 22. Qxh6 Rxh6 23. O-O-O Rxh4 24. Rg5 Rf2 25. Rg2 Rh2 26.
Rxh2 Rxh2 27. d4 Bg4 28. Re1 exd4 29. Bc4+ Kh8 30. Rf1 h5 31. e5 Kh7 32. e6 Be2
33. e7 Bxf1 34. Bxf1 Rh1 35. e8=Q Rxf1+ 36. Kd2 g6 37. Qd7+ Kh6 38. Qxd4 Rf5
39. Qe3+ Kg7 40. Qd4+ Kh6 41. Ke3 b6 42. Qh8+ Kg5 43. Qd8+ Kg4 44. Qxc7 h4 45.
Qxa7 h3 46. Qxb6 g5 47. Qd4+ Rf4 48. Qd1+ Kg3 49. Qg1+ Kh4 50. Qh2 Rg4 51. Qd6
Rg2 52. Qd4+ g4 53. Qf6+ Kg3 54. Qe5+ Kh4 55. Kf4 Rf2+ 56. Ke3 Rf3+ 57. Ke2 Rg3
58. Qf6+ Kh5 59. Qh8+ Kg5 60. Kf1 Rg2 61. Qd8+ Kf4 62. Qd6+ Ke3 63. Qe5+ 1-0

[Event "Hazel Park (MCO/4/23)"]
[Site "?"]
[Date "1987.??.??"]
[Round "?"]
[White "Barnette, Glenn"]
[Black "Levadi, David"]
[Result "0-1"]
[WhiteElo "1605"]
[BlackElo "1800"]
[PlyCount "56"]
[EventDate "1987.??.??"]

{4/(23)} 1. e4 e5 2. f4 d5 3. exd5 e4 4. Bb5+ Bd7 5. Bxd7+ Qxd7 6. Nc3 Nf6 7.
Qe2 Na6 8. Nxe4 O-O-O 9. Nxf6 gxf6 10. Qf3 Nb4 11. Kd1 Nxd5 12. d3 Bc5 13. Qh3
f5 14. Ne2 Rhe8 15. Bd2 Kb8 16. Re1 Nf6 17. Nc3 Rxe1+ 18. Bxe1 Ng4 19. Kc1 Qd4
20. Ne2 Qd5 21. Nc3 Qe6 22. Bd2 Qf6 23. a3 Bg1 24. Nb5 a6 25. Bc3 Qe6 26. Nd4
Bxd4 27. Qxh7 Rh8 28. Qxh8+ Bxh8 0-1

[Event "Hazel Park (MCO/1/45)"]
[Site "?"]
[Date "1987.??.??"]
[Round "?"]
[White "Barnette, Glenn"]
[Black "Johnson, H.."]
[Result "0-1"]
[WhiteElo "1605"]
[BlackElo "1755"]
[PlyCount "84"]
[EventDate "1987.??.??"]

{1/(45)} 1. e4 e5 2. Nc3 Nf6 3. b3 Nc6 4. Bb2 Bb4 5. Nf3 Qe7 6. Qe2 d6 7. O-O-O
Bg4 8. h3 Nd4 9. Qe3 Bxf3 10. gxf3 c6 11. f4 Nh5 12. fxe5 dxe5 13. Ne2 Nxe2+
14. Bxe2 Nf4 15. Bf3 a5 16. d4 f6 17. c3 Ba3 18. d5 Bc5 19. Qd2 O-O 20. dxc6
Rfd8 21. cxb7 Qxb7 22. Qc2 Qb6 23. Rxd8+ Rxd8 24. Rh2 Bxf2 25. Kb1 Nd3 26. Rg2
Be3 27. Qe2 Kh8 28. Rg3 Nf4 29. Qc4 Qd6 30. Be2 Qd2 31. Rxe3 Qxe3 32. Bg4 Qe1+
33. Bc1 Nd3 34. Qxd3 Rxd3 35. Kc2 Qxc3+ 36. Kb1 Rxh3 37. Bxh3 Qxh3 38. Kb2 Qd3
39. Ka3 h5 40. Bb2 h4 41. Bd4 Qxd4 42. b4 Qxb4# 0-1

[Event "Lansing (MI Op/5/26)"]
[Site "?"]
[Date "1987.??.??"]
[Round "?"]
[White "Ball, Ed"]
[Black "Wysocki, Jason"]
[Result "0-1"]
[WhiteElo "1740"]
[BlackElo "1930"]
[PlyCount "72"]
[EventDate "1987.??.??"]

{5/(26)} 1. d4 Nf6 2. Nf3 e6 3. Bf4 c5 4. e3 b6 5. Bd3 Bb7 6. Nbd2 cxd4 7. exd4
Be7 8. c3 O-O 9. Qc2 d6 10. Ne4 Nbd7 11. Nxd6 Qc7 12. Nxb7 Qxf4 13. Ba6 Qc7 14.
O-O Nb8 15. Qa4 Nxa6 16. Qxa6 Rfb8 17. Na5 bxa5 18. Rab1 Rb7 19. Qd3 Rab8 20.
b3 a4 21. b4 Rc8 22. Rfc1 Nd5 23. a3 Rb6 24. c4 Nf4 25. Qf1 a6 26. c5 Rb5 27.
Qd1 Rd8 28. Kf1 e5 29. Nxe5 Bf6 30. Qxa4 Bxe5 31. Qxa6 Rbb8 32. dxe5 Qxe5 33.
Re1 Qd5 34. f3 Qa2 35. Re3 Qxg2+ 36. Ke1 Qg1+ 0-1

[Event "Hazel Park (MCO/3/30)"]
[Site "?"]
[Date "1987.??.??"]
[Round "?"]
[White "Ball, Ed"]
[Black "Weinand, G.."]
[Result "1-0"]
[WhiteElo "1785"]
[BlackElo "1605"]
[PlyCount "85"]
[EventDate "1987.??.??"]

{3/(30)} 1. e4 c6 2. d4 d5 3. e5 c5 4. c3 e6 5. Bd3 Nc6 6. Ne2 cxd4 7. cxd4
Bb4+ 8. Nbc3 Nge7 9. Be3 O-O 10. Qc2 Nf5 11. Bxf5 exf5 12. g4 f4 13. Bxf4 Bxg4
14. Qd3 Rc8 15. h3 Bxe2 16. Kxe2 Bxc3 17. bxc3 Qh4 18. Qe3 Ne7 19. Bg5 Qh5+ 20.
Kd2 Nf5 21. Qf4 g6 22. Qg4 Ng7 23. Bf6 Qh6+ 24. Kd3 Rc6 25. Bg5 Qh5 26. Rhg1
Rfc8 27. Bd2 Qf5+ 28. Qxf5 Nxf5 29. Rab1 Nh4 30. Rxb7 Nf3 31. Rc1 Nxd2 32. Kxd2
Rb6 33. Rxa7 f6 34. f4 fxe5 35. fxe5 Rf8 36. Ra5 Rb2+ 37. Ke3 Rff2 38. Rxd5
Rbd2 39. Rd8+ Kg7 40. Ke4 Rxa2 41. c4 Rh2 42. Rd7+ Kh6 43. Rc3 1-0

[Event "Lansing (MI Op/6/28)"]
[Site "?"]
[Date "1987.??.??"]
[Round "?"]
[White "Ball, Ed"]
[Black "Schoonmaker, John"]
[Result "1-0"]
[WhiteElo "1740"]
[BlackElo "1895"]
[PlyCount "80"]
[EventDate "1987.??.??"]

{6/(28)} 1. e4 c6 2. d4 d5 3. e5 g6 4. Bd3 Na6 5. c3 Nc7 6. Qc2 Bg7 7. Ne2 Nh6
8. Ng3 Bg4 9. f3 Bd7 10. f4 Qc8 11. Nd2 Bg4 12. h3 Bd7 13. Nf3 e6 14. h4 Nf5
15. Nxf5 exf5 16. Be3 Ne6 17. h5 Qc7 18. b4 b6 19. c4 dxc4 20. Bxc4 Rc8 21. Rc1
Bf8 22. a3 a5 23. hxg6 fxg6 24. Qb3 axb4 25. Bxe6 bxa3 26. Bxd7+ Qxd7 27. Qxb6
a2 28. Qa6 Bb4+ 29. Kf2 Ke7 30. Qxa2 Ra8 31. Qc4 c5 32. d5 h5 33. Bxc5+ Bxc5+
34. Qxc5+ Kd8 35. Rc2 Qa4 36. Qd6+ Ke8 37. Qxg6+ Kd7 38. Qxf5+ Kd8 39. Qf6+ Kd7
40. Qc6+ Qxc6 1-0

[Event "Hazel Park (MCO/6/26)"]
[Site "?"]
[Date "1987.??.??"]
[Round "?"]
[White "Ball, Ed"]
[Black "Ridella, Dennis"]
[Result "1-0"]
[WhiteElo "1785"]
[BlackElo "1605"]
[PlyCount "49"]
[EventDate "1987.??.??"]

{6/(26)} 1. e4 e5 2. Nf3 Nc6 3. Bc4 Bc5 4. c3 Nf6 5. d4 exd4 6. cxd4 Bb4+ 7.
Nc3 O-O 8. e5 Ne4 9. Qc2 Nxc3 10. bxc3 Be7 11. Bd3 g6 12. h4 d6 13. exd6 Qxd6
14. h5 Re8 15. Be3 Bf8 16. hxg6 fxg6 17. Kd2 Re7 18. Rh4 Rg7 19. Rah1 Be6 20.
Bh6 Rd7 21. Bxg6 Bxh6+ 22. Rxh6 Qf4+ 23. Kd1 hxg6 24. Qxg6+ Kf8 25. Qxe6 1-0

[Event "Lansing (MI Op/3/34)"]
[Site "?"]
[Date "1987.??.??"]
[Round "?"]
[White "Ball, Ed"]
[Black "Owens, James"]
[Result "1-0"]
[WhiteElo "1740"]
[BlackElo "1910"]
[PlyCount "103"]
[EventDate "1987.??.??"]

{3/(34)} 1. d4 Nf6 2. Nf3 g6 3. c3 Bg7 4. Bf4 O-O 5. Nbd2 d5 6. e3 Bf5 7. h3
Nbd7 8. Nh4 Be6 9. Bd3 Nh5 10. Bh2 f5 11. Qc2 Bf7 12. Ndf3 e6 13. g4 Nhf6 14.
Ke2 fxg4 15. hxg4 Nxg4 16. Bf4 e5 17. dxe5 Ngxe5 18. Nxe5 Nxe5 19. Bxe5 Bxe5
20. Nxg6 Bxg6 21. Bxg6 hxg6 22. Qxg6+ Bg7 23. Qh7+ Kf7 24. Rag1 Qf6 25. Rh4 Rh8
26. Rxg7+ Ke6 27. Rg6 Rxh7 28. Rxf6+ Kxf6 29. Rxh7 Rc8 30. Kd3 Ke6 31. b4 a6
32. Kd4 Kf5 33. Rh5+ Ke6 34. Rxd5 Rh8 35. f4 Rh2 36. Re5+ Kd6 37. a4 Rd2+ 38.
Kc4 c6 39. b5 cxb5+ 40. axb5 a5 41. b6 Re2 42. Kb5 Ra2 43. Re4 Rc2 44. Rc4 Ra2
45. e4 Rf2 46. f5 Ra2 47. Ra4 Rc2 48. c4 Ke5 49. c5 Rc1 50. Rc4 Ra1 51. c6
bxc6+ 52. Kxc6 1-0

[Event "Hazel Park (MCO/1/50)"]
[Site "?"]
[Date "1987.??.??"]
[Round "?"]
[White "Ball, Ed"]
[Black "Endres, John"]
[Result "1-0"]
[WhiteElo "1785"]
[BlackElo "1605"]
[PlyCount "49"]
[EventDate "1987.??.??"]

{1/(50)} 1. e4 e6 2. d4 d5 3. Bd3 dxe4 4. Bxe4 f5 5. Bf3 Nf6 6. Ne2 Nc6 7.
Bxc6+ bxc6 8. Be3 Bd6 9. Nd2 O-O 10. Nf3 Bb7 11. Nf4 Qd7 12. O-O Rfd8 13. c3
Ng4 14. Qb3 Bxf4 15. Bxf4 Rab8 16. Rfe1 Re8 17. h3 Nf6 18. Qa4 Qe7 19. Qxa7 Nd5
20. Bh2 Ba8 21. Re2 Rb7 22. Qa4 Rbb8 23. Rae1 Qf7 24. Ng5 Qf6 25. Nxe6 1-0

[Event "Lansing (MI Op/5/27)"]
[Site "?"]
[Date "1987.??.??"]
[Round "?"]
[White "Bailey, Greg"]
[Black "Triplett, Thomas"]
[Result "1/2-1/2"]
[WhiteElo "2010"]
[BlackElo "1875"]
[PlyCount "123"]
[EventDate "1987.??.??"]

{5/(27)} 1. d4 d5 2. c4 e6 3. Nc3 Nf6 4. Bg5 Be7 5. cxd5 exd5 6. e3 O-O 7. Bd3
h6 8. Bf4 c6 9. Rc1 Bd6 10. Nge2 Re8 11. O-O Bg4 12. Bxd6 Qxd6 13. h3 Bxe2 14.
Qxe2 Nbd7 15. Qc2 Nf8 16. a3 Re7 17. Ne2 Ne4 18. Bxe4 dxe4 19. Qc5 Qxc5 20.
Rxc5 Nd7 21. Rc2 Rae8 22. Ng3 g6 23. h4 h5 24. b4 Nf6 25. Rfc1 Ng4 26. a4 Nf6
27. b5 cxb5 28. axb5 Nd5 29. Rc5 Nb4 30. Rb1 Nd3 31. Rc3 f5 32. Ra1 b6 33. Rca3
Rc8 34. Rxa7 Rxa7 35. Rxa7 Rc2 36. Rb7 Nxf2 37. Rxb6 Ng4 38. Rxg6+ Kf7 39. Rc6
Rb2 40. Rc3 Rxb5 41. Kf1 Rb1+ 42. Ke2 Rb2+ 43. Ke1 Rxg2 44. Nxf5 Nf6 45. Rc7+
Ke6 46. Rg7 Rh2 47. Rg5 Kd5 48. Ng3+ Kc4 49. Nxh5 Nd5 50. Nf4 Nxf4 51. exf4
Kxd4 52. f5 Rxh4 53. Rg8 Rf4 54. Rd8+ Ke3 55. Rf8 Kf3 56. f6 e3 57. Rh8 Rxf6
58. Rh3+ Ke4 59. Rh8 Rf4 60. Re8+ Kf3 61. Re7 Ra4 62. Rf7+ 1/2-1/2

[Event "Lansing (MI Op/2/18)"]
[Site "?"]
[Date "1987.??.??"]
[Round "?"]
[White "Bailey, Greg"]
[Black "Fischvogt, Eric"]
[Result "0-1"]
[WhiteElo "2010"]
[BlackElo "2300"]
[PlyCount "64"]
[EventDate "1987.??.??"]

{2/(18)} 1. f4 Nf6 2. Nf3 g6 3. g3 Bg7 4. Bg2 O-O 5. O-O c5 6. d3 d5 7. Ne5 Qc7
8. Nc3 Rd8 9. e3 Nc6 10. Nb5 Qb6 11. Nc3 Be6 12. Na4 Qb5 13. b3 Nxe5 14. fxe5
Nd7 15. d4 f6 16. Nc3 Qc6 17. e4 Nb6 18. exd5 Nxd5 19. Ne2 cxd4 20. Nxd4 Qb6
21. Bxd5 Rxd5 22. Be3 fxe5 23. c4 Rxd4 24. Bxd4 exd4 25. Rc1 d3+ 26. Kg2 Bf5
27. c5 Be4+ 28. Kh3 Qe6+ 29. g4 h5 30. Re1 Rf8 31. Rc4 hxg4+ 32. Qxg4 Rf3+ 0-1

[Event "Lansing (MI Op/1a/15)"]
[Site "?"]
[Date "1987.??.??"]
[Round "?"]
[White "Bailey, Greg"]
[Black "Ball, Ed"]
[Result "1/2-1/2"]
[WhiteElo "2010"]
[BlackElo "1740"]
[PlyCount "45"]
[EventDate "1987.??.??"]

1. d4 Nf6 2. Nf3 e6 3. g3 d5 4. c4 c6 5. Bg2 Bd6 6. Nc3 Nbd7 7. O-O O-O 8. cxd5
exd5 9. Qd3 Re8 10. Nh4 Nb6 11. f3 Qc7 12. e4 Bxg3 13. hxg3 Qxg3 14. Nf5 Bxf5
15. exf5 Ng4 16. Bf4 Qxf4 17. fxg4 Qxg4 18. f6 g6 19. Qd2 Re6 20. Rf3 Qh4 21.
Raf1 Nc4 22. Qc1 Qxd4+ 23. Kh1 1/2-1/2

[Event "Lansing (MI Op/4/1)"]
[Site "?"]
[Date "1987.??.??"]
[Round "?"]
[White "Andrews, Steve"]
[Black "Hahn, David"]
[Result "1-0"]
[WhiteElo "2245"]
[BlackElo "2170"]
[PlyCount "71"]
[EventDate "1987.??.??"]

{4/(1)} 1. d4 g6 2. c4 Bg7 3. Nc3 Nf6 4. e4 d6 5. f4 O-O 6. Nf3 c5 7. d5 b5 8.
cxb5 a6 9. a4 axb5 10. Bxb5 Ba6 11. Ra3 Bxb5 12. axb5 Rxa3 13. bxa3 Qa5 14. Bd2
Qxa3 15. O-O Nbd7 16. Qe2 Nb6 17. Rb1 Nfd7 18. e5 c4 19. Qe1 Nc5 20. Ra1 Qb4
21. Nd4 Nd3 22. Qe4 dxe5 23. Nc6 Qd6 24. fxe5 Nxe5 25. Bf4 f6 26. Ra6 Nbd7 27.
Nxe5 Nc5 28. Qe3 Nxa6 29. Nxg6 Qa3 30. Nxf8 Nc5 31. Ne6 Nd3 32. Ne2 Qb4 33. h3
Qe1+ 34. Kh2 Nf2 35. Ng1 Qf1 36. Qg3 1-0

[Event "Lansing (MI Op/6/2)"]
[Site "?"]
[Date "1987.??.??"]
[Round "?"]
[White "Andrews, Steve"]
[Black "Baze, Lineas"]
[Result "1/2-1/2"]
[WhiteElo "2245"]
[BlackElo "2075"]
[PlyCount "70"]
[EventDate "1987.??.??"]

{6/(2)} 1. d4 Nf6 2. Nf3 g6 3. Bf4 d5 4. e3 Bg7 5. h3 O-O 6. Be2 c5 7. O-O c4
8. c3 Nc6 9. Nbd2 b5 10. a3 Bd7 11. Re1 a5 12. Ne5 b4 13. Bf3 bxc3 14. bxc3 Rc8
15. Rb1 Bf5 16. Rb5 Nxe5 17. Bxe5 Bd7 18. Rb2 Bc6 19. Bh2 e6 20. Qc2 Re8 21. a4
Nd7 22. Reb1 f5 23. Be2 e5 24. dxe5 Nxe5 25. Nf3 Qd7 26. Ra2 Nd3 27. Nd4 Nc5
28. Nxc6 Qxc6 29. Rb5 Ne4 30. Ra3 Bf8 31. Ra1 Bg7 32. Ra3 Bf8 33. Ra1 Bg7 34.
Ra3 Bf8 35. Ra1 Bg7 1/2-1/2

[Event "Lansing (MI Op/3/2)"]
[Site "?"]
[Date "1987.??.??"]
[Round "?"]
[White "Andrews, Steve"]
[Black "Baudry, Pascal"]
[Result "1-0"]
[WhiteElo "2245"]
[BlackElo "2160"]
[PlyCount "55"]
[EventDate "1987.??.??"]

{3/(2)} 1. d4 Nf6 2. c4 c5 3. d5 b5 4. cxb5 a6 5. Nc3 axb5 6. e4 b4 7. Nb5 d6
8. Nf3 Nxe4 9. Bc4 g6 10. Qe2 f5 11. Bf4 Bg7 12. Ng5 O-O 13. O-O Na6 14. Ne6
Bxe6 15. dxe6 Nc7 16. Rfd1 Nxb5 17. Bxb5 Qb6 18. Bc4 Bd4 19. Be3 Ra5 20. Rd3
Rd8 21. Rad1 d5 22. Bb3 Bxe3 23. Qxe3 f4 24. Qf3 Ng5 25. Qg4 Nxe6 26. Rxd5 Rxd5
27. Bxd5 Ra6 28. Re1 1-0

[Event "Lansing (MI Op/1b/3)"]
[Site "?"]
[Date "1987.??.??"]
[Round "?"]
[White "Andrews, Steve"]
[Black "Almquist, W.."]
[Result "1-0"]
[WhiteElo "2245"]
[BlackElo "1890"]
[PlyCount "75"]
[EventDate "1987.??.??"]

1. d4 Nf6 2. c4 e5 3. dxe5 Ng4 4. Nf3 Bc5 5. e3 Nc6 6. Be2 Ngxe5 7. O-O d6 8.
Nc3 O-O 9. Na4 Bb6 10. b3 Nxf3+ 11. Bxf3 Ne5 12. Be2 c5 13. Nxb6 Qxb6 14. f4
Nc6 15. Bb2 Re8 16. Rf3 Ne7 17. Qd3 f6 18. Rd1 Bg4 19. Rf2 Bxe2 20. Rxe2 Rad8
21. e4 Qc6 22. f5 Kh8 23. Qf3 a6 24. Qf4 b5 25. Re3 bxc4 26. bxc4 Qa4 27. Rxd6
Qxa2 28. Bc3 Qxc4 29. h3 Rxd6 30. Qxd6 Nxf5 31. Qd7 Nxe3 32. Qxe8+ Qg8 33. Qc6
Qc4 34. Qc8+ Qg8 35. Qxc5 Nxg2 36. Kxg2 Qa2+ 37. Kg3 h6 38. e5 1-0

[Event "Allendale (MI Am/1/13)"]
[Site "?"]
[Date "1987.??.??"]
[Round "?"]
[White "Anderson, R.."]
[Black "Starr, J.."]
[Result "1-0"]
[WhiteElo "1780"]
[BlackElo "1605"]
[PlyCount "63"]
[EventDate "1987.??.??"]

{1/(13)} 1. e4 c5 2. Nf3 Nc6 3. d4 cxd4 4. Nxd4 Nf6 5. Nc3 d6 6. Be2 g6 7. Be3
Bg7 8. Qd2 O-O 9. f3 Re8 10. O-O-O Bd7 11. h4 Qa5 12. Nb3 Qc7 13. Bh6 Bh8 14.
g4 Be6 15. h5 Bxb3 16. cxb3 Nb4 17. Kb1 Rac8 18. hxg6 hxg6 19. Bf8 Rxf8 20.
Rxh8+ Kxh8 21. Qh6+ Kg8 22. Rh1 Nh5 23. gxh5 g5 24. Rg1 f6 25. Bc4+ d5 26. exd5
Qe5 27. d6+ Rxc4 28. Qg6+ Kh8 29. bxc4 Qxd6 30. Rd1 Qf4 31. h6 Rg8 32. Rd8 1-0

[Event "Allendale (MI Am/4/8)"]
[Site "?"]
[Date "1987.??.??"]
[Round "?"]
[White "Anderson, R.."]
[Black "Croel, Duane"]
[Result "0-1"]
[WhiteElo "1780"]
[BlackElo "1605"]
[PlyCount "70"]
[EventDate "1987.??.??"]

{4/(8)} 1. e4 c5 2. Nf3 Nc6 3. d4 cxd4 4. Nxd4 Nf6 5. Nc3 g6 6. Nxc6 bxc6 7. e5
Nh5 8. Be2 Qc7 9. f4 Ng7 10. Ne4 Ne6 11. Be3 Bh6 12. Qd2 Bb7 13. O-O c5 14. Nc3
O-O 15. Bf3 Bxf3 16. Rxf3 f6 17. Nd5 Qd8 18. Rh3 Bg7 19. exf6 exf6 20. Qf2 g5
21. f5 Nd4 22. Bxd4 cxd4 23. Qxd4 Re8 24. Qc4 Kh8 25. Qg4 Qa5 26. Qc4 Re1+ 27.
Rxe1 Qxe1+ 28. Qf1 Qd2 29. Ne3 Re8 30. Qc4 Qe1+ 31. Nf1 Re2 32. Qc8+ Re8 33.
Qxd7 Re2 34. Qxa7 g4 35. Re3 Qf2+ 0-1

[Event "Hazel Park (MCO/2/4)"]
[Site "?"]
[Date "1987.??.??"]
[Round "?"]
[White "Almquist, W.."]
[Black "Noren, Kevin"]
[Result "0-1"]
[WhiteElo "1895"]
[BlackElo "2240"]
[PlyCount "64"]
[EventDate "1987.??.??"]

{2/(4)} 1. e4 e6 2. d4 d5 3. Nd2 Nf6 4. e5 Nfd7 5. Bd3 c5 6. c3 Nc6 7. Ne2 Qb6
8. Nf3 cxd4 9. cxd4 f6 10. exf6 Nxf6 11. O-O Bd6 12. Re1 O-O 13. Bf4 Bxf4 14.
Nxf4 Ne4 15. Bxe4 Rxf4 16. Bb1 Nxd4 17. Ne5 Nc6 18. Nd3 Rf6 19. Qh5 Bd7 20. Qh4
Qd4 21. Qxd4 Nxd4 22. Nc5 Bb5 23. Bd3 Bxd3 24. Nxd3 Nc2 25. Rac1 Nxe1 26. Rxe1
Rc8 27. g3 Rc2 28. a3 Rd2 29. Re3 e5 30. f4 d4 31. Rf3 e4 32. Rf2 Rxd3 0-1

[Event "Lansing (MI Op/6/22)"]
[Site "?"]
[Date "1987.??.??"]
[Round "?"]
[White "Almquist, W.."]
[Black "Moody, David"]
[Result "0-1"]
[WhiteElo "1890"]
[BlackElo "2025"]
[PlyCount "78"]
[EventDate "1987.??.??"]

{6/(22)} 1. e4 e5 2. f4 exf4 3. Bc4 d5 4. Bxd5 Nf6 5. Nc3 Nxd5 6. Nxd5 g5 7. d4
Bg7 8. Nf3 c6 9. Nc3 g4 10. Ne5 Bxe5 11. dxe5 Qh4+ 12. Kf1 f3 13. Bf4 Be6 14.
Qd3 Nd7 15. Rd1 O-O-O 16. Bg3 fxg2+ 17. Kxg2 Qh3+ 18. Kf2 h5 19. Qe3 h4 20. Bf4
Qxe3+ 21. Kxe3 Rh5 22. Kd4 Nxe5+ 23. Ke3 Nc4+ 24. Kf2 Nxb2 25. Rxd8+ Kxd8 26.
Rb1 Nc4 27. Rxb7 g3+ 28. hxg3 h3 29. Kg1 h2+ 30. Kh1 Bg4 31. Bg5+ Rxg5 32. Kxh2
Ne5 33. Rxa7 Bf3 34. Ra8+ Ke7 35. Rh8 Ng4+ 36. Kg1 Rc5 37. Nd5+ cxd5 38. Rb8
Rxc2 39. Rb1 Rg2+ 0-1

[Event "Lansing (MI Op/4/33)"]
[Site "?"]
[Date "1987.??.??"]
[Round "?"]
[White "Almquist, W.."]
[Black "Haakonstad, Olaf"]
[Result "1-0"]
[WhiteElo "1890"]
[BlackElo "1805"]
[PlyCount "60"]
[EventDate "1987.??.??"]

{4/(33)} 1. e4 e5 2. f4 d5 3. exd5 e4 4. d3 Nf6 5. dxe4 Nxe4 6. Nf3 Bc5 7. Qe2
Bf2+ 8. Kd1 Qxd5+ 9. Nfd2 f5 10. Nc3 Qd4 11. Ncxe4 fxe4 12. c3 Qe3 13. Qh5+ Kf8
14. Bc4 Qxf4 15. Qd5 Bg4+ 16. Kc2 Nc6 17. Nxe4 Qf5 18. Rf1 Ne7 19. Qxb7 Rd8 20.
Rxf2 Bd1+ 21. Kb1 Qxf2 22. Nxf2 Bh5 23. Bg5 Bg6+ 24. Kc1 h6 25. Bxe7+ Kxe7 26.
Qxc7+ Kf6 27. Ng4+ Kg5 28. Qe5+ Bf5 29. Qe3+ Kh5 30. Bf7+ Kxg4 1-0

[Event "Lansing (MI Op/2/38)"]
[Site "?"]
[Date "1987.??.??"]
[Round "?"]
[White "Almquist, W.."]
[Black "Garrison, Ray"]
[Result "1-0"]
[WhiteElo "1890"]
[BlackElo "1685"]
[PlyCount "115"]
[EventDate "1987.??.??"]

{2/(38)} 1. e4 d5 2. exd5 c6 3. dxc6 Nxc6 4. Bb5 Bd7 5. Nf3 e5 6. O-O Bc5 7. d4
Nxd4 8. Bxd7+ Qxd7 9. Nxe5 Qf5 10. Nd3 O-O-O 11. Nxc5 Nxc2 12. Qf3 Qxc5 13. Bf4
Nf6 14. Rc1 Rhe8 15. Na3 Qb4 16. Rxc2+ Kd7 17. Rc7+ Ke6 18. Qb3+ Qxb3 19. axb3
Rd4 20. Re1+ Kf5 21. Be3 Rb4 22. Rc5+ Ke6 23. Bf4+ Kd7 24. Rd1+ Ke7 25. Bd6+
Kd7 26. Bg3+ Ke7 27. Rc7+ Ke6 28. Re1+ Kf5 29. Rxe8 Nxe8 30. Rxf7+ Ke6 31. Rf3
Rd4 32. h3 Rd1+ 33. Kh2 Rd2 34. Nc4 Rc2 35. Re3+ Kf7 36. Ne5+ Kf8 37. Rf3+ Kg8
38. Nd7 Nf6 39. Nxf6+ gxf6 40. Rd3 Rxb2 41. Rd8+ Kf7 42. Rd7+ Ke6 43. Rxb7 a5
44. Rb5 f5 45. Bc7 Rxf2 46. Bxa5 f4 47. Kg1 Rb2 48. b4 Rb3 49. Rh5 f3 50. gxf3
Rxf3 51. Rxh7 Rf8 52. Rg7 Kf6 53. Rg3 Rh8 54. b5 Rh5 55. Rb3 Ke6 56. b6 Kd7 57.
b7 Rxa5 58. b8=Q 1-0

[Event "Hazel Park (MCO/4/20)"]
[Site "?"]
[Date "1987.??.??"]
[Round "?"]
[White "Almquist, W.."]
[Black "DeJongh, John"]
[Result "1-0"]
[WhiteElo "1895"]
[BlackElo "1700"]
[PlyCount "59"]
[EventDate "1987.??.??"]

{4/(20)} 1. e4 c6 2. Nc3 d5 3. Qf3 Nf6 4. e5 Ng8 5. d4 e6 6. Qg3 f6 7. f4 Nh6
8. Bd3 Nf5 9. Bxf5 exf5 10. Nf3 Qc7 11. O-O Qf7 12. Re1 Be6 13. Bd2 Nd7 14.
exf6 gxf6 15. Rxe6+ Qxe6 16. Re1 Qxe1+ 17. Qxe1+ Kf7 18. Nd1 Re8 19. Ne3 Bd6
20. Qh4 Bf8 21. Qh5+ Ke7 22. Nxf5+ Kd8 23. Nh6 Bxh6 24. Qxh6 Reg8 25. f5 Rf8
26. Ne1 Re8 27. Nd3 Re2 28. Nc5 Rg8 29. Ne6+ Kc8 30. g3 1-0

[Event "Hazel Park (MCO/6/18)"]
[Site "?"]
[Date "1987.??.??"]
[Round "?"]
[White "Almquist, W.."]
[Black "Barnette, Glenn"]
[Result "0-1"]
[WhiteElo "1895"]
[BlackElo "1605"]
[PlyCount "78"]
[EventDate "1987.??.??"]

{6/(18)} 1. e4 e6 2. d4 d5 3. Nc3 dxe4 4. Nxe4 Nf6 5. Nxf6+ Qxf6 6. Nf3 Qd8 7.
Bf4 Bd6 8. Qd2 Nc6 9. c3 h6 10. h4 Qf6 11. Bxd6 cxd6 12. Bd3 Bd7 13. O-O-O a6
14. Rde1 O-O-O 15. Kb1 Kb8 16. Qc2 Rc8 17. Qb3 Ka7 18. Qa3 d5 19. b4 Qe7 20.
Qb2 Nb8 21. Ne5 Nc6 22. Nxd7 Qxd7 23. Ka1 Qc7 24. Rh3 Qb6 25. Rb1 Nb8 26. h5
Rc7 27. g4 Rhc8 28. Rc1 Nc6 29. Bf1 Nxd4 30. g5 hxg5 31. h6 gxh6 32. Rxh6 Nb5
33. Bxb5 Qxb5 34. Rf6 Qd3 35. Rg1 Rxc3 36. Rxf7 Rc2 37. Qb3 Rc1+ 38. Rxc1 Rxc1+
39. Kb2 Rb1+ 0-1

[Event "Hazel Park (MCO/5/18)"]
[Site "?"]
[Date "1987.??.??"]
[Round "?"]
[White "Accad, W.."]
[Black "McNeilly, A.."]
[Result "1-0"]
[WhiteElo "2015"]
[BlackElo "1755"]
[PlyCount "73"]
[EventDate "1987.??.??"]

{5/(18)} 1. e4 c5 2. Nf3 d6 3. d4 cxd4 4. Nxd4 Nf6 5. Nc3 a6 6. Bc4 e6 7. a4 b6
8. O-O Be7 9. Bg5 Qc7 10. Bb3 Bb7 11. Bxe6 Nxe4 12. Nd5 Bxd5 13. Bxd5 Ra7 14.
Bxe7 Qxe7 15. Bxe4 O-O 16. Re1 Qg5 17. Qd3 g6 18. Re3 d5 19. Bf3 Nd7 20. Nc6
Rc7 21. Ne7+ Kg7 22. Nxd5 Ne5 23. Rxe5 Qxe5 24. Nxc7 Qxc7 25. Qc3+ Qxc3 26.
bxc3 Rc8 27. Ra3 Rc4 28. Kf1 a5 29. Ke2 Rf4 30. Bd5 Kf8 31. c4 Rf6 32. Rf3 Rxf3
33. Kxf3 Ke7 34. Kf4 f6 35. h4 Kd6 36. Bb7 Kc5 37. Ba6 1-0

[Event "Hazel Park (MCO/2/27)"]
[Site "?"]
[Date "1987.??.??"]
[Round "?"]
[White "Accad, W.."]
[Black "Griffin, John"]
[Result "1-0"]
[WhiteElo "2015"]
[BlackElo "1620"]
[PlyCount "68"]
[EventDate "1987.??.??"]

{2/(27)} 1. d4 d5 2. c4 e6 3. Nc3 Nf6 4. e3 b6 5. a3 Nbd7 6. Nf3 c5 7. Bd3 Be7
8. O-O Bb7 9. Rb1 O-O 10. b4 dxc4 11. Bxc4 Qc7 12. bxc5 bxc5 13. d5 Nxd5 14.
Nxd5 exd5 15. Bxd5 Rab8 16. e4 Bxd5 17. Rxb8 Rxb8 18. Qxd5 Qb7 19. Bf4 Qxd5 20.
exd5 Rb6 21. Re1 Kf8 22. Kf1 Bd6 23. Be3 Rb3 24. Ng5 Nf6 25. Rc1 h6 26. Nf3
Nxd5 27. Bxc5 Ke7 28. Nd4 Rd3 29. Nf5+ Kd7 30. Nxd6 Nf4 31. Nc4 Kc7 32. Bxa7
Kb7 33. Be3 Nd5 34. Ke2 Rb3 1-0